| 000 | 00523nam a2200181Ia 4500 | ||
|---|---|---|---|
| 020 | _a4805306505 (for sale in Japan only) | ||
| 020 | _a0804833273 | ||
| 040 | _cSNN | ||
| 041 | 1 | _hjpn | |
| 082 | _a895 TUT 2006 A120 Or. | ||
| 100 | 1 | _aSumii, Sue, | |
| 245 | 1 | 4 | _aThe river with no bridge / |
| 260 |
_aClarendon, Vt. : _bTuttle Publishing, _c[2006?], c1989 |
||
| 300 |
_axiv, 359 p. ; _c21 cm |
||
| 500 | _a"First Tuttle edition, 1990"--t.p. verso | ||
| 500 | _aTranslation of v. 1 of: Hashi no nai kawa | ||
| 942 | _cEK | ||
| 999 |
_c16566 _d16566 |
||